[Event "Sotra op1"]
[Site "Sotra"]
[Date "2004.04.29"]
[Round "9"]
[White "Vardal, Hallstein"]
[Black "Kallesoe, Torben"]
[Result "1-0"]
[WhiteElo "1819"]
[BlackElo "1321"]
[PlyCount "121"]
[EventDate "2004.01.15"]
[EventType "swiss"]
[EventRounds "9"]
[EventCountry "NOR"]
[SourceTitle "EXT 2008"]
[Source "ChessBase"]
[SourceDate "2007.11.25"]
[SourceVersion "1"]
[SourceVersionDate "2007.11.25"]
[SourceQuality "1"]

1. e4 e5 2. Nf3 Nc6 3. Bb5 a6 4. Ba4 Nf6 5. 0-0 Be7 6. Re1 b5 7. Bb3 0-0 8. c3 d6 9. h3 Na5 10. Bc2 c5 11. d4 Nc6 12. d5 Nb8 13. Nbd2 Nbd7 14. Nf1 Re8 15. Ne3 Nf8 16. a4 Bb7 17. Nf5 Ng6 18. Qe2 Qb6 19. Bg5 h6 20. Nxe7+ Rxe7 21. Bxf6 Nf4 22. Qf1 gxf6 23. Nh4 Kh7 24. Nf5 Ree8 25. g3 Ng6 26. Qe2 Ne7 27. Ne3 Rg8 28. Kh2 Rg7 29. Qh5 Rag8 30. c4 b4 31. f4 b3 32. Bd1 Qb4 33. Ng4 Rg6 34. Re2 R8g7 35. f5 Rxg4 36. hxg4 Qxc4 37. g5 Ng8 38. gxf6 Nxf6 39. Qf3 Rg4 40. Bxb3 Qb4 41. Bc2 a5 42. Bd3 c4 43. Bc2 Ba6 44. Qc3 Qc5 45. Rd1 Rg5 46. Kg2 Nh5 47. Re3 Nf6 48. Rh1 Bb7 49. Ree1 Nh5 50. Re3 Nf6 51. Qd2 Rg4 52. Rb3 h5 53. Rxb7 Kg7 54. Rb5 Qd4 55. Qxd4 exd4 56. Rh4 d3 57. Bd1 Rg5 58. Rb6 Ng4 59. Bxg4 Rxg4 60. Rxg4+ hxg4 61. Kf2 1-0

[Event "NOR-chT north 0304"]
[Site "Norway"]
[Date "2004.03.07"]
[Round "5.1"]
[White "Vardal, Hallstein"]
[Black "Saevareid, Ove"]
[Result "1/2-1/2"]
[WhiteElo "1819"]
[BlackElo "2187"]
[PlyCount "93"]
[EventDate "2004.01.??"]
[EventType "team"]
[EventRounds "5"]
[EventCountry "NOR"]
[SourceTitle "EXT 2006"]
[Source "ChessBase"]
[SourceDate "2005.11.24"]
[SourceVersion "1"]
[SourceVersionDate "2005.11.24"]
[SourceQuality "1"]

1. d4 d5 2. Nf3 Nf6 3. e3 g6 4. Bd3 Bg7 5. 0-0 0-0 6. Nbd2 b6 7. Re1 Bb7 8. c3 Nbd7 9. e4 dxe4 10. Nxe4 Nxe4 11. Bxe4 Bxe4 12. Rxe4 e5 13. Bg5 f6 14. dxe5 Nxe5 15. Qb3+ Nf7 16. Rd1 Qc8 17. Bc1 Re8 18. Rxe8+ Qxe8 19. Bf4 c5 20. h3 Rd8 21. Rd5 Qe7 22. Rxd8+ Qxd8 23. Qa4 Qa8 24. Qd7 Qe4 25. Bd6 Nxd6 26. Qxd6 Qb1+ 27. Kh2 Qxa2 28. Qd8+ Bf8 29. Qxf6 Qf7 30. Qc6 h6 31. g3 Bg7 32. Kg2 Kh7 33. Nh4 Qf6 34. Qe4 a5 35. c4 a4 36. Qc2 Qc6+ 37. Kg1 Bd4 38. Kh2 Kg7 39. f4 Qe8 40. Kg2 Bf6 41. Nf3 b5 42. Ne5 Bxe5 43. fxe5 b4 44. Qe4 Qd7 45. e6 Qd2+ 46. Kf3 Qd1+ 47. Kg2 1/2-1/2

[Event "Sotra Hostturneringen"]
[Site "Sotra"]
[Date "2003.11.13"]
[Round "8"]
[White "Woldseth, Ole"]
[Black "Vardal, Hallstein"]
[Result "1-0"]
[WhiteElo "1802"]
[BlackElo "1828"]
[PlyCount "49"]
[EventDate "2003.08.??"]
[EventType "swiss"]
[EventRounds "10"]
[EventCountry "NOR"]
[SourceTitle "EXT 2005"]
[Source "ChessBase"]
[SourceDate "2004.11.15"]
[SourceVersion "1"]
[SourceVersionDate "2004.11.15"]
[SourceQuality "1"]

1. d4 Nf6 2. c4 d5 3. cxd5 Nxd5 4. e4 Nb6 5. Nc3 g6 6. h3 Bg7 7. Nf3 0-0 8. Be3 c6 9. Qd2 Re8 10. 0-0-0 Be6 11. g4 Bc4 12. Be2 N8d7 13. h4 Nf6 14. Ne5 Bxe2 15. Qxe2 Nfd7 16. Nxd7 Qxd7 17. h5 Qe6 18. hxg6 fxg6 19. f3 Qf7 20. Rh3 e5 21. dxe5 Rxe5 22. Rdh1 Ra5 23. Rxh7 Rd8 24. Qh2 Na4 25. Rh8+ 1-0

[Event "Sotra Hostturneringen"]
[Site "Sotra"]
[Date "2003.09.18"]
[Round "3"]
[White "Brattetveit, Kenneth"]
[Black "Vardal, Hallstein"]
[Result "1-0"]
[WhiteElo "1644"]
[BlackElo "1828"]
[PlyCount "63"]
[EventDate "2003.08.??"]
[EventType "swiss"]
[EventRounds "10"]
[EventCountry "NOR"]
[SourceTitle "EXT 2005"]
[Source "ChessBase"]
[SourceDate "2004.11.15"]
[SourceVersion "1"]
[SourceVersionDate "2004.11.15"]
[SourceQuality "1"]

1. c4 e5 2. g3 f5 3. Bg2 Nf6 4. Nc3 c6 5. d3 Bc5 6. e3 Qe7 7. Nge2 d6 8. a3 0-0 9. b4 Bb6 10. 0-0 Be6 11. Na4 Bc7 12. Qc2 Qf7 13. Bb2 a5 14. Nac3 Bb6 15. b5 Ng4 16. h3 f4 17. exf4 Nxf2 18. Rxf2 Bxf2+ 19. Kxf2 exf4 20. gxf4 Qh5 21. Ne4 Nd7 22. bxc6 bxc6 23. Rg1 Qh4+ 24. Ke3 d5 25. Bf3 Rf7 26. Ng5 Re7 27. Kd2 Nf6 28. Bxf6 gxf6 29. Nxe6+ Kf7 30. cxd5 Rg8 31. Rxg8 Kxg8 32. Qxc6 1-0

[Event "Sotra op"]
[Site "Sotra"]
[Date "2002.09.19"]
[Round "3"]
[White "Garmannslund, Vidar"]
[Black "Vardal, Hallstein"]
[Result "0-1"]
[WhiteElo "1595"]
[BlackElo "1816"]
[PlyCount "66"]
[EventDate "2002.08.??"]
[EventType "swiss"]
[EventRounds "9"]
[EventCountry "NOR"]
[SourceTitle "EXT 2005"]
[Source "ChessBase"]
[SourceDate "2004.11.15"]
[SourceVersion "1"]
[SourceVersionDate "2004.11.15"]
[SourceQuality "1"]

1. d4 d5 2. c4 c6 3. Nc3 Nf6 4. cxd5 Nxd5 5. e4 Nxc3 6. bxc3 g6 7. Bc4 Bg7 8. Nf3 0-0 9. Ba3 Bg4 10. h3 Bxf3 11. gxf3 Nd7 12. h4 b5 13. Bb3 c5 14. h5 Qa5 15. hxg6 hxg6 16. Qc1 Rfe8 17. Kf1 Qa6 18. Kg2 Rac8 19. d5 Qf6 20. Bb2 b4 21. Ba4 Red8 22. f4 bxc3 23. Ba3 Qd4 24. Qc2 Nb6 25. Bb5 Nc4 26. Bc1 Nd6 27. Ba6 Rb8 28. Kf3 Nxe4 29. Be3 Nd2+ 30. Bxd2 Qxd5+ 31. Ke2 cxd2 32. Bc4 Rb2 33. Bxd5 Rxc2 0-1

[Event "NOR-chT north 0001"]
[Site "Norway"]
[Date "2001.02.11"]
[Round "3"]
[White "Borchgrevink, Harald"]
[Black "Vardal, Hallstein"]
[Result "0-1"]
[WhiteElo "2119"]
[BlackElo "1814"]
[PlyCount "79"]
[EventDate "2001.??.??"]
[EventType "team"]
[EventRounds "5"]
[EventCountry "NOR"]
[SourceTitle "EXT 2005"]
[Source "ChessBase"]
[SourceDate "2004.11.15"]
[SourceVersion "1"]
[SourceVersionDate "2004.11.15"]
[SourceQuality "1"]

1. c4 Nf6 2. Nc3 g6 3. d4 d5 4. cxd5 Nxd5 5. e4 Nxc3 6. bxc3 Bg7 7. Bb5+ c6 8. Ba4 0-0 9. Ne2 c5 10. 0-0 Qa5 11. Be3 cxd4 12. cxd4 Nd7 13. Rc1 b5 14. Bb3 Bb7 15. e5 e6 16. Nf4 Rfd8 17. Qg4 Nf8 18. h4 h5 19. Qe2 b4 20. Rc5 Qb6 21. Rfc1 Rd7 22. Ba4 Re7 23. Rb5 Qd8 24. Rxb4 Rc7 25. Rxc7 Qxc7 26. Qb5 Be4 27. Qc5 Qd8 28. f3 Qxh4 29. Bf2 Qxf4 30. fxe4 Nh7 31. Rb7 Ng5 32. Rxa7 Rb8 33. Qc2 Nxe4 34. Bb3 Bh6 35. Rc7 Rd8 36. Rc8 Rxc8 37. Qxc8+ Bf8 38. Qc2 Bb4 39. a4 Bc3 40. g3 0-1